[Event "BL 1112 SK König Tegel - SF Katernberg"]
[Site "?"]
[Date "2011.12.11"]
[Round "7.6"]
[White "Muse, Drazen"]
[Black "Siebrecht, Sebastian"]
[Result "1/2-1/2"]
[WhiteElo "2388"]
[BlackElo "2471"]
[PlyCount "46"]
[EventDate "2011.??.??"]

1. d4 Nf6 2. c4 e6 3. Nf3 Bb4+ 4. Bd2 c5 5. Bxb4 cxb4 6. e3 O-O 7. Bd3 d6 8.
Nbd2 Re8 9. O-O b6 10. Ng5 Bb7 11. f4 Nbd7 12. Nde4 Nxe4 13. Nxe4 Qe7 14. Rc1
Rac8 15. Ng3 g6 16. Qa4 a5 17. a3 bxa3 18. bxa3 e5 19. fxe5 dxe5 20. Be4 Bxe4
21. Nxe4 Kg7 22. c5 bxc5 23. dxc5 Ra8 1/2-1/2

[Event "BL 1112 SK König Tegel - SF Katernberg"]
[Site "?"]
[Date "2011.12.11"]
[Round "7.8"]
[White "Kachibadze, Georg"]
[Black "Scholz, Christian"]
[Result "1/2-1/2"]
[WhiteElo "2340"]
[BlackElo "2387"]
[PlyCount "98"]
[EventDate "2011.??.??"]

1. e4 c5 2. Nf3 d6 3. d4 cxd4 4. Nxd4 Nf6 5. Nc3 a6 6. Be2 e5 7. Nb3 Be7 8. O-O
O-O 9. Be3 Be6 10. a4 Nbd7 11. a5 Qc7 12. Qd2 Qc6 13. Bf3 Rfc8 14. Rac1 b5 15.
Rfd1 Qb7 16. h3 h6 17. g4 Bxb3 18. cxb3 Nc5 19. Bxc5 Rxc5 20. Nd5 Nxd5 21. Rxc5
Nf4 22. Rc2 Nxh3+ 23. Kf1 Ng5 24. Bg2 Qd7 25. Qd5 Ra7 26. Qc6 Qxg4 27. Qc8+
Qxc8 28. Rxc8+ Kh7 29. Rdc1 Ne6 30. Bh3 Bg5 31. R1c6 Nd4 32. R6c7 Rxc7 33. Rxc7
Bd8 34. Rxf7 Kg6 35. Rd7 Bxa5 36. Rxd6+ Kg5 37. Rxa6 Bd2 38. Bf5 Kf4 39. Rg6 h5
40. Rxg7 Nxb3 41. Kg2 Bc1 42. Rb7 Nd4 43. Bd7 Bxb2 44. Bxb5 Nxb5 45. Rxb5 Bd4
46. f3 h4 47. Rb3 Be3 48. Rb5 Bd4 49. Rb3 Be3 1/2-1/2

[Event "BL 1112 Turm Emsdetten - SV Mülheim Nor"]
[Site "?"]
[Date "2012.02.04"]
[Round "8.3"]
[White "Potkin, Vladimir"]
[Black "Grandelius, Nils"]
[Result "1-0"]
[WhiteElo "2671"]
[BlackElo "2536"]
[PlyCount "141"]
[EventDate "2012.??.??"]

1. c4 e6 2. Nc3 Nf6 3. e4 c5 4. e5 Ng8 5. Nf3 Nc6 6. d4 cxd4 7. Nxd4 Nxe5 8.
Ndb5 a6 9. Nd6+ Bxd6 10. Qxd6 f6 11. Be3 Ne7 12. Bb6 Nf5 13. Qb4 Nc6 14. Qc5 d6
15. Bxd8 dxc5 16. Bb6 Ne5 17. Bxc5 Bd7 18. b4 a5 19. b5 Rc8 20. Ne4 b6 21. f4
Nxc4 22. Bxc4 bxc5 23. Kf2 Ke7 24. a4 Nd4 25. Rac1 f5 26. Nd2 h6 27. h4 Kf6 28.
Ba2 Be8 29. Nc4 Bh5 30. Rhe1 Rhd8 31. Nxa5 Ra8 32. Nb7 Rxa4 33. Bxe6 Ne2 34.
Bc4 Rd2 35. Rxe2 Bxe2 36. Bxe2 Raa2 37. Re1 Rdb2 38. Nxc5 Rxb5 39. Nd7+ Ke7 40.
Ne5 Kf6 41. Kf1 Rba5 42. h5 Ra1 43. Rxa1 Rxa1+ 44. Kf2 Ra2 45. Kf3 Ra3+ 46. Bd3
Rb3 47. g3 Ra3 48. Ke3 Ra2 49. Nd7+ Ke7 50. Bxf5 Ra3+ 51. Kf2 Rb3 52. Ne5 Ra3
53. g4 Rc3 54. Nf3 Ra3 55. Kg3 Rc3 56. g5 hxg5 57. fxg5 Rc4 58. Ne5 Ra4 59.
Ng6+ Kf7 60. Nf4 Kg8 61. Kg4 Kh8 62. Bd3 Ra5 63. Be4 Rb5 64. Bd5 Ra5 65. Kf5
Kh7 66. Ke6 Ra6+ 67. Kf7 Ra7+ 68. Kf8 Ra6 69. h6 Ra4 70. Bg8+ Kh8 71. Ng6# 1-0

[Event "BL 1112 Turm Emsdetten - SV Mülheim Nor"]
[Site "?"]
[Date "2012.02.04"]
[Round "8.5"]
[White "Fridman, Daniel"]
[Black "Brandenburg, Daan"]
[Result "1-0"]
[WhiteElo "2652"]
[BlackElo "2522"]
[PlyCount "107"]
[EventDate "2012.??.??"]

1. d4 d5 2. Nf3 e6 3. c4 c5 4. cxd5 exd5 5. g3 Nc6 6. Bg2 Nf6 7. O-O Be7 8. Nc3
O-O 9. Bf4 cxd4 10. Nxd4 Bg4 11. h3 Be6 12. Nxe6 fxe6 13. e4 d4 14. e5 dxc3 15.
exf6 Qxd1 16. Rfxd1 Bxf6 17. bxc3 Rac8 18. Rd7 Rf7 19. Rad1 b6 20. Rxf7 Kxf7
21. Rd7+ Ke8 22. Rb7 Bxc3 23. Be4 h6 24. Bc7 Ne7 25. Rxa7 Bd4 26. Bd3 Kf7 27.
Rb7 Kf6 28. Bxb6 Bxb6 29. Rxb6 Nd5 30. Rb2 g5 31. Rc2 Ra8 32. Bc4 h5 33. Bb3 h4
34. Rd2 Ke5 35. Re2+ Kf5 36. Kg2 Ra3 37. Kf3 hxg3 38. fxg3 e5 39. Kg2 Nb4 40.
Rf2+ Ke4 41. Bf7 Kd4 42. Rf5 Nxa2 43. Rxg5 Nc3 44. h4 Ne4 45. Rg7 Ra7 46. h5
Nd6 47. Rg4+ e4 48. Bg6 Ke5 49. h6 Ra2+ 50. Kh3 e3 51. h7 Ra8 52. Be8 Nf7 53.
Bxf7 Rh8 54. Bc4 1-0

[Event "BL 1112 Turm Emsdetten - SV Mülheim Nor"]
[Site "?"]
[Date "2012.02.04"]
[Round "8.7"]
[White "Tregubov, Pavel V"]
[Black "Burg, Twan"]
[Result "1/2-1/2"]
[WhiteElo "2602"]
[BlackElo "2462"]
[PlyCount "99"]
[EventDate "2012.??.??"]

1. d4 d5 2. c4 c6 3. Nf3 Nf6 4. e3 Bg4 5. h3 Bh5 6. cxd5 Bxf3 7. Qxf3 cxd5 8.
Nc3 e6 9. Bd3 Nc6 10. O-O Bd6 11. Qe2 O-O 12. f4 Nb4 13. Bb1 Rc8 14. Bd2 Nc6
15. Be1 g6 16. g4 Ne8 17. f5 e5 18. Nxd5 exd4 19. Be4 Be5 20. Rd1 Nd6 21. Bg2
Re8 22. Kh1 dxe3 23. Qxe3 Bxb2 24. Qb3 Be5 25. Bc3 gxf5 26. gxf5 Kh8 27. Ne3
Qe7 28. Ng4 f6 29. Nxe5 Nxe5 30. Bb4 Nec4 31. Rfe1 Qg7 32. Rxe8+ Nxe8 33. Bd5
Qc7 34. Rg1 Ng7 35. Qc3 Qe5 36. Qxe5 Nxe5 37. Be7 Nh5 38. Bxb7 Rc3 39. Rd1
Rxh3+ 40. Kg1 Rg3+ 41. Kf1 Kg7 42. Bc5 Rc3 43. Bxa7 Ra3 44. Bf2 Rxa2 45. Rd4
Rb2 46. Bd5 Rb1+ 47. Kg2 Rb2 48. Kf1 Rb1+ 49. Kg2 Rb2 50. Kf1 1/2-1/2

[Event "BL 1112 Turm Emsdetten - SV Mülheim Nor"]
[Site "?"]
[Date "2012.02.04"]
[Round "8.8"]
[White "Breder, Dennis"]
[Black "Hausrath, Daniel"]
[Result "1-0"]
[WhiteElo "2430"]
[BlackElo "2507"]
[PlyCount "93"]
[EventDate "2012.??.??"]

1. e4 c5 2. Nf3 g6 3. d4 cxd4 4. Qxd4 Nf6 5. Nc3 Nc6 6. Qa4 d6 7. e5 dxe5 8.
Nxe5 Bd7 9. Nxd7 Qxd7 10. Be3 Bg7 11. Rd1 Qg4 12. Rd4 Qc8 13. Bb5 O-O 14. Rc4
Qf5 15. Rc5 Ne5 16. f4 Nfg4 17. Nd5 Qe6 18. fxe5 Nxe3 19. Nxe3 Bxe5 20. Qc4 Qf6
21. Ng4 Qh4+ 22. Ke2 Bd6 23. g3 Qh3 24. Nf2 Qh6 25. Rd5 Rac8 26. Qd3 Bc5 27. c3
e6 28. Rd7 Qh5+ 29. Qf3 Qe5+ 30. Qe4 Qh5+ 31. Qf3 Qe5+ 32. Qe4 Qh5+ 33. g4 Qh4
34. Nd3 Bb6 35. Kd1 Qh3 36. Kc2 a6 37. Ba4 Rc4 38. Qxc4 Qg2+ 39. Nf2 Bxf2 40.
Rhd1 b5 41. Qe2 bxa4 42. R7d2 a3 43. b3 Rc8 44. Rd8+ Rxd8 45. Rxd8+ Kg7 46. Rd2
Qg1 47. Qe5+ 1-0

[Event "BL 1112 Werder Bremen - SF Katernberg"]
[Site "?"]
[Date "2012.02.04"]
[Round "8.4"]
[White "Areshchenko, Alexander"]
[Black "Siebrecht, Sebastian"]
[Result "1/2-1/2"]
[WhiteElo "2672"]
[BlackElo "2471"]
[PlyCount "95"]
[EventDate "2012.??.??"]

1. e4 d6 2. d4 g6 3. Nc3 Bg7 4. g3 Nf6 5. Bg2 O-O 6. Nge2 Nbd7 7. h3 e5 8. O-O
Re8 9. d5 a5 10. Be3 Rf8 11. Qd2 Ne8 12. g4 Nc5 13. Ng3 Bd7 14. a3 a4 15. Rfb1
b6 16. b4 axb3 17. cxb3 h5 18. b4 Na4 19. Nxa4 Rxa4 20. gxh5 f5 21. h6 f4 22.
hxg7 Nxg7 23. Rb3 Qh4 24. Bxf4 Rxf4 25. Rc1 Ra7 26. Rbc3 Bxh3 27. Rxc7 Rxa3 28.
Qb2 Ra8 29. Bxh3 Qxh3 30. Qc3 Raf8 31. Rxg7+ Kh8 32. Rc2 Rf3 33. Qxf3 Rxf3 34.
Rxg6 Rb3 35. Rc1 Kh7 36. Rg5 Kh6 37. Rg8 Kh7 38. Rg5 Kh6 39. Rh5+ Qxh5 40. Nxh5
Kxh5 41. Rc6 Rxb4 42. Rxd6 Rxe4 43. Rxb6 Kg5 44. Kf1 Kf5 45. Rd6 Rd4 46. Ke2 e4
47. Rd8 Ke5 48. d6 1/2-1/2

[Event "BL 1112 Werder Bremen - SF Katernberg"]
[Site "?"]
[Date "2012.02.04"]
[Round "8.5"]
[White "Zaragatski, Ilja"]
[Black "Nyback, Tomi"]
[Result "1/2-1/2"]
[WhiteElo "2474"]
[BlackElo "2627"]
[PlyCount "158"]
[EventDate "2012.??.??"]

1. Nf3 d5 2. c4 e6 3. b3 Nf6 4. Bb2 Be7 5. g3 O-O 6. Bg2 c5 7. O-O Nc6 8. e3 b6
9. Nc3 Ba6 10. Qe2 Rc8 11. Rfd1 d4 12. exd4 cxd4 13. Ne4 d3 14. Qe1 Nb4 15.
Nxf6+ Bxf6 16. Bxf6 Qxf6 17. Qe5 Bb7 18. Qxf6 gxf6 19. Ne1 Bxg2 20. Kxg2 Rfd8
21. Rdc1 e5 22. f3 f5 23. Kf2 e4 24. Ng2 Nc2 25. Rab1 Nd4 26. Nh4 Rc6 27. Rf1
Re6 28. Rbe1 Re5 29. g4 fxg4 30. Rxe4 Rxe4 31. fxe4 Nc2 32. Rg1 h5 33. h3 Re8
34. hxg4 Rxe4 35. gxh5+ Kh7 36. Nf3 Kh6 37. Rg8 Kxh5 38. Rg5+ Kh6 39. Rd5 Nb4
40. Rd6+ Kh5 41. a3 Nc2 42. Rxd3 Rf4 43. Rd5+ f5 44. Kg3 Rg4+ 45. Kh3 Rf4 46.
Kg3 Rg4+ 47. Kf2 Rf4 48. Rd7 a5 49. a4 Ne1 50. Kxe1 Rxf3 51. Rd5 Rxb3 52. Rxf5+
Kg4 53. Rb5 Ra3 54. Ke2 Rxa4 55. Kd3 Kf3 56. Rxb6 Ra3+ 57. Kc2 Ke4 58. Rb3 Ra2+
59. Rb2 Ra3 60. Rb3 Ra2+ 61. Kc3 a4 62. Rb5 Ra3+ 63. Kb4 Rd3 64. Kxa4 Rxd2 65.
Kb4 Rd8 66. Rb6 Ke5 67. Kb5 Rd1 68. c5 Rb1+ 69. Kc6 Rh1 70. Rb8 Kd4 71. Rd8+
Kc4 72. Rc8 Rh6+ 73. Kb7 Kb5 74. Rc7 Rg6 75. c6 Rh6 76. Rc8 Rg6 77. Rd8 Rxc6
78. Rd5+ Rc5 79. Rxc5+ Kxc5 1/2-1/2

[Event "BL 1112 Werder Bremen - SF Katernberg"]
[Site "?"]
[Date "2012.02.04"]
[Round "8.6"]
[White "Hracek, Zbynek"]
[Black "Kotainy, Jens"]
[Result "1-0"]
[WhiteElo "2624"]
[BlackElo "2406"]
[PlyCount "73"]
[EventDate "2012.??.??"]

1. c4 c5 2. Nf3 Nc6 3. d4 cxd4 4. Nxd4 g6 5. e4 Bg7 6. Be3 Nh6 7. Be2 d6 8. Nc3
O-O 9. Qd2 Ng4 10. Bxg4 Bxg4 11. O-O Rc8 12. Nd5 Qd7 13. b3 f5 14. f3 Bh5 15.
exf5 gxf5 16. Rad1 Bf7 17. Ne2 e6 18. Ndc3 d5 19. cxd5 exd5 20. Bh6 d4 21. Bxg7
Kxg7 22. Nb5 Rcd8 23. Nbxd4 Nxd4 24. Nxd4 Bg6 25. Rfe1 Rfe8 26. Rxe8 Rxe8 27.
Ne2 Qxd2 28. Rxd2 Re7 29. Kf2 Be8 30. Rd6 Kf7 31. h4 Bd7 32. Nd4 Ke8 33. Rd5
Rf7 34. g3 f4 35. g4 Re7 36. Ne2 Bc6 37. Rd4 1-0

[Event "BL 1112 Werder Bremen - SF Katernberg"]
[Site "?"]
[Date "2012.02.04"]
[Round "8.8"]
[White "Babula, Vlastimil"]
[Black "Thesing, Matthias"]
[Result "1/2-1/2"]
[WhiteElo "2572"]
[BlackElo "2404"]
[PlyCount "51"]
[EventDate "2012.??.??"]

1. d4 d5 2. Nf3 Nf6 3. c4 e6 4. Nc3 dxc4 5. e4 Bb4 6. Bg5 h6 7. Bxf6 Qxf6 8.
Bxc4 O-O 9. O-O Rd8 10. Qe2 Nd7 11. e5 Qe7 12. Qe4 Nf8 13. Ne2 Rb8 14. Rfd1 b5
15. Bd3 Bb7 16. Qg4 Ba5 17. Rac1 a6 18. Be4 c5 19. Ng3 cxd4 20. Nh5 Ng6 21.
Bxg6 fxg6 22. Qxg6 Bxf3 23. Nf6+ Kf8 24. Nh7+ Kg8 25. Nf6+ Kf8 26. Nh7+ 1/2-1/2

[Event "BL 1112 Schachfr. Berlin - OSG Baden Ba"]
[Site "?"]
[Date "2012.02.04"]
[Round "8.5"]
[White "Nisipeanu, Liviu-Dieter"]
[Black "Lauber, Arnd"]
[Result "1-0"]
[WhiteElo "2638"]
[BlackElo "2464"]
[PlyCount "80"]
[EventDate "2012.??.??"]

1. d4 Nf6 2. c4 e6 3. Nc3 Bb4 4. e3 O-O 5. Bd3 d5 6. Nf3 c5 7. O-O cxd4 8. exd4
dxc4 9. Bxc4 Qc7 10. Bd3 Bxc3 11. bxc3 Nbd7 12. c4 b6 13. Qe2 Bb7 14. Re1 Rac8
15. Bb2 Rfe8 16. Nd2 Qc6 17. f3 Qa4 18. a3 Ba6 19. Rac1 Rc7 20. Ne4 Nxe4 21.
Qxe4 Nf6 22. Qf4 Rec8 23. d5 Nxd5 24. Qg3 f6 25. Bc2 Qa5 26. cxd5 Rxc2 27. Bxf6
g6 28. Rxc2 Rxc2 29. dxe6 Qc5+ 30. Kh1 Rc1 31. h4 Rxe1+ 32. Qxe1 Qb5 33. Qe4
Qc4 34. Qe3 Qe2 35. Qh6 Qd1+ 36. Kh2 Qd6+ 37. f4 Qf8 38. Qg5 Qc5 39. Be5 Qf8
40. Bd4 Bc8 1-0

[Event "BL 1112 Schachfr. Berlin - OSG Baden Ba"]
[Site "?"]
[Date "2012.02.04"]
[Round "8.6"]
[White "Polzin, Rainer"]
[Black "Gustafsson, Jan"]
[Result "0-1"]
[WhiteElo "2469"]
[BlackElo "2631"]
[PlyCount "64"]
[EventDate "2012.??.??"]

1. e4 e5 2. Nf3 Nc6 3. Bb5 a6 4. Ba4 Nf6 5. O-O b5 6. Bb3 Bc5 7. a4 Rb8 8. c3
d6 9. d4 Bb6 10. axb5 axb5 11. h3 O-O 12. Re1 h6 13. Na3 Re8 14. d5 Ne7 15. Qd3
Bd7 16. Nc2 Ng6 17. Nh2 Nh5 18. Qf3 Nhf4 19. Bxf4 Nxf4 20. Nb4 Qh4 21. Ng4 Rf8
22. Bc2 g6 23. Ne3 f5 24. exf5 gxf5 25. Nc6 Rbe8 26. Ra6 Kh8 27. Kh2 Rg8 28.
Rxb6 e4 29. Qg3 Rxg3 30. fxg3 Qg5 31. Rxb5 Nh5 32. Nf1 Nxg3 0-1

[Event "BL 1112 Schachfr. Berlin - OSG Baden Ba"]
[Site "?"]
[Date "2012.02.04"]
[Round "8.7"]
[White "Dautov, Rustem"]
[Black "Abel, Dennes"]
[Result "0-1"]
[WhiteElo "2603"]
[BlackElo "2427"]
[PlyCount "70"]
[EventDate "2012.??.??"]

1. d4 d5 2. c4 c6 3. Nf3 Nf6 4. e3 Bf5 5. Nc3 e6 6. Nh4 Be4 7. f3 Bg6 8. Qb3
Qc7 9. Bd2 Be7 10. Nxg6 hxg6 11. g3 Nbd7 12. cxd5 Nxd5 13. O-O-O b5 14. e4 Nxc3
15. Qxc3 Rc8 16. Kb1 O-O 17. Bf4 Qb7 18. h4 c5 19. d5 exd5 20. exd5 c4 21. Bg5
b4 22. Qd4 c3 23. Rh2 Bc5 24. Qd3 Bd6 25. Qb5 Nb6 26. Qa6 Qd7 27. Rc2 cxb2 28.
Rxb2 Na4 29. f4 Nc3+ 30. Kc2 Nxd1+ 31. Kxd1 f6 32. Bb5 Qc7 33. Bc6 fxg5 34.
hxg5 Rfe8 35. Qd3 Qe7 0-1

[Event "BL 1112 Schachfr. Berlin - OSG Baden Ba"]
[Site "?"]
[Date "2012.02.04"]
[Round "8.8"]
[White "Poldauf, Dirk"]
[Black "Schlosser, Philipp"]
[Result "0-1"]
[WhiteElo "2385"]
[BlackElo "2591"]
[PlyCount "146"]
[EventDate "2012.??.??"]

1. c4 e5 2. Nc3 Nf6 3. Nf3 Nc6 4. e4 Bc5 5. Nxe5 Nxe5 6. d4 Bb4 7. dxe5 Nxe4 8.
Qd3 Nxc3 9. bxc3 Ba5 10. Ba3 Qg5 11. g3 d6 12. f4 Qg6 13. O-O-O Qxd3 14. Rxd3
Bf5 15. Re3 Bb6 16. Re1 O-O-O 17. exd6 cxd6 18. Bg2 Rhe8 19. Bd5 Be3+ 20. Kb2
f6 21. Kb3 Kc7 22. h3 Bd7 23. Bb4 Re7 24. a4 Rde8 25. a5 h5 26. Bf3 g6 27. Rd1
Bc5 28. Bxc5 dxc5 29. Rd5 Bc6 30. Rd3 Bxf3 31. Rxf3 Rd8 32. Rh2 Rd1 33. g4 h4
34. g5 f5 35. Kc2 Ra1 36. Rd2 Ra2+ 37. Kd1 Rxa5 38. Rd5 b6 39. Rfd3 Ra1+ 40.
Kd2 Rae1 41. Kc2 a5 42. Kb3 R1e4 43. Ka4 Rxc4+ 44. Kb5 Rce4 45. c4 Rd4 46.
R3xd4 cxd4 47. Rxd4 Rd7 48. Rxd7+ Kxd7 49. Kxb6 a4 50. Kb7 Kd6 51. Kb6 a3 52.
c5+ Kd5 53. c6 a2 54. c7 a1=Q 55. c8=Q Qd4+ 56. Kb5 Qb2+ 57. Ka4 Qb6 58. Qf8
Qc6+ 59. Kb3 Ke4 60. Qf6 Qe8 61. Qd6 Kf3 62. Qe5 Qc6 63. Qf6 Qd5+ 64. Kc3 Qc5+
65. Kd3 Qe3+ 66. Kc2 Kxf4 67. Qxg6 Qxh3 68. Qd6+ Kxg5 69. Qe7+ Kh5 70. Qh7+ Kg4
71. Qg8+ Kf3 72. Qd5+ Kg3 73. Qe5+ f4 0-1

[Event "BL 1112 Hamburger SK - SG Turm Trier"]
[Site "?"]
[Date "2012.02.04"]
[Round "8.1"]
[White "Lupulescu, Constantin"]
[Black "Kempinski, Robert"]
[Result "1/2-1/2"]
[WhiteElo "2655"]
[BlackElo "2604"]
[PlyCount "40"]
[EventDate "2012.??.??"]

1. d4 d5 2. c4 c6 3. Nf3 Nf6 4. e3 Bf5 5. Nc3 e6 6. Nh4 Bg6 7. Nxg6 hxg6 8. Bd3
Nbd7 9. O-O Bd6 10. h3 a6 11. Re1 dxc4 12. Bxc4 c5 13. dxc5 Nxc5 14. Bf1 O-O
15. b3 Be5 16. Bb2 Nce4 17. Nxe4 Bxb2 18. Qxd8 Rfxd8 19. Nxf6+ Bxf6 20. Rad1 b5
1/2-1/2

[Event "BL 1112 Hamburger SK - SG Turm Trier"]
[Site "?"]
[Date "2012.02.04"]
[Round "8.3"]
[White "Erdoes, Viktor"]
[Black "Ftacnik, Lubomir Dr"]
[Result "1-0"]
[WhiteElo "2608"]
[BlackElo "2570"]
[PlyCount "125"]
[EventDate "2012.??.??"]

1. d4 Nf6 2. c4 g6 3. Nf3 Bg7 4. g3 d5 5. cxd5 Nxd5 6. Bg2 Nb6 7. Nc3 Nc6 8. e3
O-O 9. O-O Re8 10. Re1 a5 11. Qe2 Be6 12. Nd2 Nb4 13. Rd1 c6 14. a3 N4d5 15.
Nce4 Bf5 16. Nc5 e5 17. dxe5 Qe7 18. Nd3 Bxd3 19. Qxd3 Qxe5 20. Rb1 Rad8 21.
Nf3 Qe4 22. Qxe4 Rxe4 23. Bf1 Ree8 24. Bd2 Na4 25. Rdc1 Bxb2 26. Rc2 Bxa3 27.
Ra1 Nb4 28. Rxa3 Nxc2 29. Rxa4 b6 30. Rc4 Nb4 31. Bxb4 axb4 32. Rxb4 b5 33. Rb2
Rd1 34. Kg2 Ra8 35. Nd4 Raa1 36. Be2 Rdb1 37. Rc2 Rc1 38. Rxc6 Rxc6 39. Nxc6
Rb1 40. Bd3 Rb3 41. Bc2 Rc3 42. Nd4 h5 43. h3 Kg7 44. g4 h4 45. Kf3 f6 46. Kf4
Kh6 47. Ke4 b4 48. f4 Kh7 49. Bb3 Rc1 50. g5 f5+ 51. Ke5 Rc3 52. Kf6 Rxe3 53.
Bf7 Rxh3 54. Ne6 b3 55. Nf8+ Kh8 56. Nxg6+ Kh7 57. Nf8+ Kh8 58. Kg6 Rc3 59. Kh6
Rc6+ 60. Ng6+ Rxg6+ 61. Kxg6 b2 62. Ba2 h3 63. Kf7 1-0

[Event "BL 1112 Hamburger SK - SG Turm Trier"]
[Site "?"]
[Date "2012.02.04"]
[Round "8.4"]
[White "Rogozenco, Dorian"]
[Black "Bobras, Piotr"]
[Result "1/2-1/2"]
[WhiteElo "2552"]
[BlackElo "2544"]
[PlyCount "40"]
[EventDate "2012.??.??"]

1. d4 Nf6 2. c4 g6 3. Nc3 d5 4. Bg5 Ne4 5. Bh4 Nxc3 6. bxc3 dxc4 7. e3 Be6 8.
Nf3 c5 9. Be2 Bg7 10. O-O O-O 11. Rb1 cxd4 12. Nxd4 Bd5 13. Qc2 Qc7 14. Rfd1
Bc6 15. Nxc6 Nxc6 16. Bxc4 Rac8 17. Be2 Rfd8 18. c4 b6 19. Rxd8+ Nxd8 20. Rd1
Nb7 1/2-1/2

[Event "BL 1112 Hamburger SK - SG Turm Trier"]
[Site "?"]
[Date "2012.02.04"]
[Round "8.5"]
[White "Cyborowski, Lukasz"]
[Black "Rasmussen, Allan Stig"]
[Result "1/2-1/2"]
[WhiteElo "2543"]
[BlackElo "2541"]
[PlyCount "51"]
[EventDate "2012.??.??"]

1. Nf3 d5 2. d4 Nf6 3. c4 dxc4 4. e3 e6 5. Bxc4 c5 6. O-O a6 7. dxc5 Bxc5 8.
Qxd8+ Kxd8 9. Be2 Ke7 10. Ne5 Nbd7 11. Nd3 Bd6 12. Nd2 b5 13. Bf3 Rb8 14. a4
Bb7 15. axb5 axb5 16. Ra7 Bxf3 17. Nxf3 Rhc8 18. Bd2 Ke8 19. Bb4 Bxb4 20. Nxb4
Rc4 21. Nd3 Ra4 22. Ra1 Ne4 23. R1xa4 bxa4 24. Rxa4 Nec5 25. Nxc5 Nxc5 26. Ra2
1/2-1/2

[Event "BL 1112 Hamburger SK - SG Turm Trier"]
[Site "?"]
[Date "2012.02.04"]
[Round "8.6"]
[White "Mueller, Karsten Dr"]
[Black "Haslinger, Stewart"]
[Result "1/2-1/2"]
[WhiteElo "2534"]
[BlackElo "2542"]
[PlyCount "94"]
[EventDate "2012.??.??"]

1. e4 d6 2. d4 Nf6 3. Nc3 e5 4. dxe5 dxe5 5. Qxd8+ Kxd8 6. Bg5 Nbd7 7. Bc4 Ke8
8. O-O-O Bd6 9. f3 a6 10. a4 h6 11. Bh4 Be7 12. Be1 Bb4 13. Nge2 c6 14. Kb1 b5
15. Bb3 Be7 16. Nc1 Nc5 17. Bg3 Nfd7 18. Nd3 Nxd3 19. Rxd3 Nc5 20. Bxe5 Nxd3
21. cxd3 Be6 22. Bc2 f6 23. Bg3 Rd8 24. Ne2 g5 25. h4 Kf7 26. f4 Bg4 27. Bb3+
Kg7 28. Nc1 Bd6 29. Rf1 gxf4 30. Bxf4 Bxf4 31. Rxf4 h5 32. Kc2 Rd4 33. Kc3 Rhd8
34. g3 bxa4 35. Bc4 a5 36. Rf2 R4d7 37. Ne2 Bxe2 38. Rxe2 Re7 39. Rf2 Re5 40.
Rf4 c5 41. Bb5 f5 42. exf5 Kf6 43. g4 hxg4 44. Rxg4 Rd4 45. Rg6+ Kxf5 46. h5
Rb4 47. Bc4 Re1 1/2-1/2

[Event "BL 1112 Hamburger SK - SG Turm Trier"]
[Site "?"]
[Date "2012.02.04"]
[Round "8.7"]
[White "Jaracz, Pawel"]
[Black "Heinemann, Thies"]
[Result "1/2-1/2"]
[WhiteElo "2558"]
[BlackElo "2469"]
[PlyCount "82"]
[EventDate "2012.??.??"]

1. d4 Nf6 2. c4 e6 3. Nf3 b6 4. Nc3 Bb4 5. Qb3 c5 6. a3 Ba5 7. Bf4 Ne4 8. Rd1
O-O 9. e3 cxd4 10. exd4 d5 11. Bd3 dxc4 12. Bxc4 Bb7 13. O-O Nxc3 14. bxc3 Bd5
15. Bxd5 exd5 16. Ne5 a6 17. a4 Ra7 18. c4 f6 19. Nf3 Rb7 20. cxd5 b5 21. d6+
Kh8 22. Qd5 Rb6 23. Rb1 bxa4 24. Qc4 a3 25. Qa4 a2 26. Qxa2 Bb4 27. Qd5 a5 28.
Nd2 Bxd2 29. Bxd2 Rxd6 30. Qxa5 Rxd4 31. Qxd8 Rfxd8 32. Be3 Rc4 33. Rfc1 Rxc1+
34. Rxc1 Nc6 35. Bb6 Ra8 36. f3 Ne7 37. Rd1 Kg8 38. Rd8+ Rxd8 39. Bxd8 Nd5 40.
g4 Kf7 41. Kf2 Ke6 1/2-1/2

[Event "BL 1112 Hamburger SK - SG Turm Trier"]
[Site "?"]
[Date "2012.02.04"]
[Round "8.8"]
[White "Sebastian, Dirk"]
[Black "Sanikidze, Tornike"]
[Result "0-1"]
[WhiteElo "2446"]
[BlackElo "2530"]
[PlyCount "62"]
[EventDate "2012.??.??"]

1. e4 c5 2. Nf3 d6 3. Bc4 Nc6 4. d3 g6 5. O-O Bg7 6. Nbd2 Nf6 7. h3 O-O 8. a3
Rb8 9. Re1 b5 10. Ba2 Nd7 11. Nf1 a5 12. Ne3 e6 13. Ng4 Nde5 14. Nfxe5 Nxe5 15.
c3 Nxg4 16. Qxg4 b4 17. axb4 axb4 18. Bd2 bxc3 19. Bxc3 Bxc3 20. bxc3 Qf6 21.
Qg3 Rb2 22. Bc4 Rd8 23. e5 dxe5 24. Ra5 e4 25. Rxe4 Bb7 26. Re3 Qxc3 27. Ra1
Rxf2 28. Qxf2 Qxa1+ 29. Kh2 Qd4 30. Qg3 Bd5 31. Bb5 Bxg2 0-1

[Event "BL 1112 SG Solingen - SV Wattenscheid"]
[Site "?"]
[Date "2012.02.04"]
[Round "8.2"]
[White "Sandipan, Chanda"]
[Black "Najer, Evgeniy"]
[Result "0-1"]
[WhiteElo "2640"]
[BlackElo "2637"]
[PlyCount "86"]
[EventDate "2012.??.??"]

1. d4 d5 2. c4 c6 3. Nf3 Nf6 4. e3 Bg4 5. cxd5 Bxf3 6. Qxf3 cxd5 7. Nc3 Nc6 8.
Bd3 e6 9. O-O Bd6 10. Bd2 O-O 11. Qh3 Rc8 12. Rac1 g6 13. f4 Bb4 14. Be1 Na5
15. Bh4 Be7 16. Bg5 Nc4 17. Bxc4 Rxc4 18. Qh4 Re8 19. Rc2 Ne4 20. Bxe7 Qxe7 21.
Qxe7 Rxe7 22. Rcc1 Rec7 23. Ne2 Rc2 24. Nc3 Rxb2 25. Nxe4 Rxc1 26. Rxc1 dxe4
27. Rc7 a5 28. a4 h5 29. g3 b6 30. h3 Kg7 31. g4 hxg4 32. hxg4 Re2 33. Rc3 g5
34. fxg5 Kg6 35. Kf1 Ra2 36. Rc6 Kxg5 37. Rxb6 Kxg4 38. Rb7 f5 39. Rh7 Rxa4 40.
Rh6 Ra2 41. Ke1 a4 42. Kd1 a3 43. Rxe6 Kf3 0-1

[Event "BL 1112 SG Solingen - SV Wattenscheid"]
[Site "?"]
[Date "2012.02.04"]
[Round "8.3"]
[White "Bogner, Sebastian"]
[Black "Smeets, Jan"]
[Result "1-0"]
[WhiteElo "2534"]
[BlackElo "2619"]
[PlyCount "75"]
[EventDate "2012.??.??"]

1. d4 Nf6 2. c4 e6 3. Nc3 Bb4 4. Qc2 b6 5. a3 Bxc3+ 6. Qxc3 Bb7 7. f3 d5 8. Bg5
Nbd7 9. cxd5 exd5 10. e3 O-O 11. Bd3 Re8 12. Ne2 h6 13. Bh4 c5 14. O-O Qe7 15.
Bf2 a5 16. a4 Ba6 17. Bxa6 Rxa6 18. Rfe1 Raa8 19. Qb3 Qd6 20. Nc3 Qc6 21. Rac1
cxd4 22. Nb5 Nc5 23. exd4 Nxb3 24. Rxc6 Rec8 25. Rxb6 Rc4 26. Nd6 Rb4 27. Rb5
Nd2 28. Bh4 g5 29. Bg3 Rxa4 30. Rb7 Rb4 31. Rxf7 Ne8 32. Ree7 Rxb2 33. Nf5 Rb6
34. Rh7 Nc4 35. Nxh6+ Rxh6 36. Rxh6 a4 37. Ree6 a3 38. Ra6 1-0

[Event "BL 1112 SG Solingen - SV Wattenscheid"]
[Site "?"]
[Date "2012.02.04"]
[Round "8.4"]
[White "Stellwagen, Daniel"]
[Black "Rustemov, Alexander"]
[Result "1/2-1/2"]
[WhiteElo "2625"]
[BlackElo "2537"]
[PlyCount "119"]
[EventDate "2012.??.??"]

1. e4 e6 2. d4 d5 3. Nc3 dxe4 4. Nxe4 Bd7 5. Nf3 Bc6 6. Bd3 Nd7 7. O-O Ngf6 8.
Ned2 Be7 9. c4 O-O 10. b3 b6 11. Bb2 Bb7 12. Qe2 c5 13. Rad1 Re8 14. dxc5 bxc5
15. Ne5 Nxe5 16. Bxe5 Qb6 17. Nf3 Qc6 18. Rfe1 Rad8 19. Bc3 h6 20. Qf1 Qa6 21.
Ne5 Ba8 22. Qe2 Qb7 23. f3 Bf8 24. Rd2 Qc7 25. Red1 Bd6 26. Bc2 Be7 27. Rxd8
Rxd8 28. Re1 Bd6 29. Bb1 Kf8 30. Qb2 Ne8 31. Qe2 Nf6 32. Qb2 Ne8 33. Qc2 Nf6
34. h3 Be7 35. Qe2 Bd6 36. Qc2 Be7 37. Qb2 Ne8 38. Qf2 Bd6 39. Qc2 Nf6 40. Qb2
Ne8 41. f4 Kg8 42. Qe2 Qb7 43. Ba5 Rb8 44. Rd1 Qe7 45. Be4 Bxe4 46. Qxe4 Rc8
47. Qf3 a6 48. Bc3 Qc7 49. g3 Rd8 50. Kg2 Bxe5 51. Rxd8 Qxd8 52. fxe5 f5 53.
Qc6 Kh7 54. Be1 Qd4 55. Bf2 Qxe5 56. Qxe8 Qe4+ 57. Kf1 Qd3+ 58. Kg1 Qb1+ 59.
Kh2 Qc2 60. Kg2 1/2-1/2

[Event "BL 1112 SG Solingen - SV Wattenscheid"]
[Site "?"]
[Date "2012.02.04"]
[Round "8.5"]
[White "Appel, Ralf"]
[Black "L'Ami, Erwin"]
[Result "1/2-1/2"]
[WhiteElo "2529"]
[BlackElo "2592"]
[PlyCount "94"]
[EventDate "2012.??.??"]

1. d4 d5 2. c4 c6 3. Nc3 Nf6 4. Nf3 a6 5. e3 b5 6. b3 Bf5 7. Be2 Nbd7 8. O-O e6
9. Bb2 h6 10. c5 g5 11. b4 Bg7 12. a4 Ne4 13. Ra3 O-O 14. Nxe4 Bxe4 15. Ne5
Nxe5 16. dxe5 Qb8 17. f3 Bg6 18. f4 bxa4 19. Bc3 f6 20. exf6 Bxf6 21. Bxf6 Rxf6
22. Qxa4 gxf4 23. Qxc6 Be8 24. Qd6 Qxd6 25. cxd6 e5 26. exf4 exf4 27. Rxa6 Rxa6
28. Bxa6 Rxd6 29. Bd3 Rf6 30. b5 Kf7 31. Rb1 Rb6 32. Kf2 Kf6 33. Re1 Bg6 34.
Bxg6 Kxg6 35. Rb1 Kf5 36. Kf3 Ke5 37. Rb4 Kd6 38. Kxf4 Kc5 39. Rb2 Rxb5 40. Rd2
Rb1 41. Rc2+ Kd6 42. Kf5 Re1 43. g4 d4 44. h4 Kd5 45. g5 hxg5 46. hxg5 Rf1+ 47.
Kg6 d3 1/2-1/2